MARC details
| 000 -LEADER |
| fixed length control field |
01219nam a22002897a 4500 |
| 003 - CONTROL NUMBER IDENTIFIER |
| control field |
CBULib |
| 005 - DATE AND TIME OF LATEST TRANSACTION |
| control field |
20240813074152.0 |
| 008 - FIXED-LENGTH DATA ELEMENTS--GENERAL INFORMATION |
| fixed length control field |
230817b |||||||| |||| 00| 0 eng d |
| 040 ## - CATALOGING SOURCE |
| Original cataloging agency |
CBULib |
| Language of cataloging |
English |
| Transcribing agency |
CBULib |
| Description conventions |
rda |
| 041 ## - LANGUAGE CODE |
| Language code of text/sound track or separate title |
eng |
| 050 ## - LIBRARY OF CONGRESS CALL NUMBER |
| Classification number |
BRE(05)CP/5/74 |
| 100 1# - MAIN ENTRY--PERSONAL NAME |
| 9 (RLIN) |
602 |
| Personal name |
Stark, G. W. V. |
| 110 ## - MAIN ENTRY--CORPORATE NAME |
| Corporate name or jurisdiction name as entry element |
Building Research Establishment (BRE) |
| 9 (RLIN) |
590 |
| 245 ## - TITLE STATEMENT |
| Title |
Building research establishment current paper : smoke and toxic gases from burning plastics |
| Statement of responsibility, etc |
/ by Building Research Establishment(BRE) |
| 260 ## - PUBLICATION, DISTRIBUTION, ETC. (IMPRINT) |
| Place of publication, distribution, etc |
Borehamwood : |
| Name of publisher, distributor, etc |
Building Research Establishment, |
| Date of publication, distribution, etc |
[1972] |
| 300 ## - PHYSICAL DESCRIPTION |
| Extent |
[10 pages] |
| 336 ## - CONTENT TYPE |
| Source |
rdacontent |
| Content type term |
Text | |
| Content type code |
txt |
| 337 ## - MEDIA TYPE |
| Source |
rdamedia |
| Media type term |
Unmediated | |
| Media type code |
n |
| 338 ## - CARRIER TYPE |
| Source |
rdacarrier |
| Carrier type term |
Volume |
| Carrier type code |
nc |
| 500 ## - GENERAL NOTE |
| General note |
Reprinted from the papers for the Joint Symposium on Prevention and Control of Fires in Ships, pp25-34, held by The Institute of Marine Engineers and the Royal institution of Naval Architects on 20 June 1972 |
| 504 ## - BIBLIOGRAPHY, ETC. NOTE |
| Bibliography, etc |
Includes references |
| 611 #0 - SUBJECT ADDED ENTRY--MEETING NAME |
| 9 (RLIN) |
603 |
| Meeting name or jurisdiction name as entry element |
JOINT SYMPOSIUM ON PREVENTION AND CONTROL OF FIRES IN SHIPS |
| 650 #0 - SUBJECT ADDED ENTRY--TOPICAL TERM |
| 9 (RLIN) |
604 |
| Topical term or geographic name as entry element |
PLASTICS--FIRES AND FIRE PREVENTION |
| 650 #0 - SUBJECT ADDED ENTRY--TOPICAL TERM |
| 9 (RLIN) |
605 |
| Topical term or geographic name as entry element |
PLASTICS--TOXICOLOGY |
| 650 #0 - SUBJECT ADDED ENTRY--TOPICAL TERM |
| 9 (RLIN) |
606 |
| Topical term or geographic name as entry element |
FIRE TESTING |
| 942 ## - ADDED ENTRY ELEMENTS (KOHA) |
| Source of classification or shelving scheme |
|
| Koha item type |
INTERNATIONAL PUBLICATIONS |